000 nam a22 7a 4500
999 _c15925
_d15925
008 161107b xxu||||| |||| 00| 0 eng d
020 _a9780558730239
050 _aHD 70.U5 .B87 2010
100 _aLearning Solutions(Firm).
245 _aPearson Custom Business Resources :
_b FIN 4596 seminar in FIN management/
_cLearning Solutions(Firm).
260 _aNew York:
_bPearson Learning Solutions,
_c2010
300 _a208p. :
_bill. ;
_c27 cm
500 _aIncludes index.
650 _aEntreprenuership.
650 _aBusiness communications.
942 _2lcc
_cBOOKS
_hHD 70.U5 .B87 2010